000 00518nam a2200157 i 4500
001 55612
003 ES-MaACL
007 t|
008 030924s1930 fr ||||1| fre d
100 1 _aDes Granges, Charles-Marc.
_943812
245 1 4 _aLes grands ecrivains français des origines a nos jours
_b: histoire litteraire et textes /
_cpar Ch. M. Des Granges.
250 _a11eme ed.
260 _aParis :
_b[s.n.],
_c1930 (
_eJournat :
_fImp. Castermat)
300 _aVIII, 1076 p. ;
_c19 cm.
852 _aES-MaACL
_jB-8461
999 _c55612
_d55612